000
00199 a2200097 4500
001
22907
100
_a
Mahmood, S
245
_a
Pakistan Affairs
260
_a
_b
Pub. United
_c
090
_c
15504
_d
15504
942
_a
NUST-CAE
_c
M
_c
6119
999
_c
257980
_d
257980